000 00400nam a22001457a 4500
005 20240313012010.0
008 240313b |||||||| |||| 00| 0 eng d
082 _222
_a323.4
_bINT.
245 _aInternational bill of Human rights :
_cAmnesty international .
260 _aColombo :
_bAmnesty international publications /
_c1978
300 _a50 p.,
650 _aSex
650 _aLanguage
942 _cL
999 _c568
_d568